5. Spoločenské základy marketingu

Charakteristika marketingu. Prvky marketingovej koncepcie. Ciele marketingového systému. Marketing v rozvoji podniku. Proces strategického plánovania. Riadenie marketingového procesu. Štyri P v marketingovom mixe.

Salvato in:
Dettagli Bibliografici
Autore principale: Labská, Helena
Natura: Capitolo di libro
Lingua:slovacco
Soggetti:
Tags: Aggiungi Tag
Nessun Tag, puoi essere il primo ad aggiungerne!!

MARC

LEADER 00000naa$a2200000$$$4500
001 0081873
005 20240502071923.5
041 0 |a slo 
044 |a SK 
245 1 0 |a 5. Spoločenské základy marketingu  |c Helena Labská 
520 |a Charakteristika marketingu. Prvky marketingovej koncepcie. Ciele marketingového systému. Marketing v rozvoji podniku. Proces strategického plánovania. Riadenie marketingového procesu. Štyri P v marketingovom mixe. 
610 2 0 |a marketing 
610 2 0 |a koncepcie 
610 2 0 |a riadenie procesné 
610 2 0 |a marketing mix 
610 2 0 |a stratégia marketingová 
610 2 0 |a spotrebitelia 
100 1 |a Labská, Helena